English First Division Winners Sudden Death - Statistics

General Stats
  • This quiz has been taken 36 times
  • The average score is 12 of 24
Answers on the Grid
Answers color-coded by a green-red scale on the quiz's grid according to % correct below.
AFC Wimbledon
AFC Bournemouth
Arsenal
Aston Villa
Barnsley
Birmingham City
Blackburn Rovers
Blackpool
Bolton Wanderers
Bristol City
Burnley
Cardiff City
Chelsea
Coventry City
Derby County
Everton
Huddersfield Town
Hull City
Ipswich Town
Leeds United
Leicester City
Lincoln City
Liverpool
Manchester City
Manchester United
Mansfield Town
Middlesbrough
Millwall
Newcastle United
Norwich City
Nottingham Forest
Plymouth Argyle
Portsmouth
Preston North End
Queens Park Rangers
Reading
Sheffield United
Sheffield Wednesday
Stoke City
Sunderland
Swansea City
Tottenham Hotspur
Watford
West Bromwich Albion
West Ham United
Wigan Athletic
Wolverhampton Wanderers
Wycombe Wanderers
 
Answer Stats
Answer % Correct
Arsenal
100%
Aston Villa
90%
Liverpool
80%
Manchester City
80%
Manchester United
80%
Blackburn Rovers
70%
Chelsea
70%
Everton
60%
Nottingham Forest
60%
Leicester City
50%
Newcastle United
50%
Preston North End
50%
Huddersfield Town
40%
Leeds United
40%
Sheffield Wednesday
40%
Sunderland
40%
Tottenham Hotspur
40%
Derby County
30%
Ipswich Town
30%
Sheffield United
30%
Burnley
20%
Portsmouth
20%
West Bromwich Albion
20%
Wolverhampton Wanderers
20%
No matching quizzes found
Score Distribution
Percent of People with Each Score
Percentile by Number Answered
Your Score History
You have not taken this quiz